Responses for Show #8194 - Thursday, April 2, 2020

Contestants

[<< previous game]

Felicity Flesher, a screenwriter from Studio City, California

Tiffany Eisenhauer, a physician's assistant from Freeport, Maine

Hemant Mehta, a blogger from Naperville, Illinois (whose 1-day cash winnings total $13,999)

[next game >>]

Jeopardy! Round responses

FAMOUS NAMES
11-LETTER WORDS
THE ACADEMY OF COUNTRY MUSIC AWARDS
KIDS BOOKS EN ESPAÑOL
THIS & THAT
LET'S SKIRT THE ISSUE
    $200 1
the Mona Lisa

Tiffany
    $200 3
a trailblazer

Hemant
    $200 2
Elton John

Hemant
    $200 7
The Cat in the Hat

Hemant
    $200 21
the American Legion

Tiffany
    $200 19
a tutu

Hemant
    $400 12
(Hemant: What is Richmond?)
(Tiffany: What is Washington, D.C.?)
(Felicity: What is New York City?)

Philadelphia

HemantTiffanyFelicity
Triple Stumper
    $400 4
inseparable

Hemant
    $400 6
Keith Urban

Felicity
    $400 8
Goodnight Moon

Felicity
    $400 24
(Alex: Less than a minute now.)

Iowa

Tiffany
    $1,000 20
(Hemant: What's an Edsel?)
[Laughter]
(Alex: Wait a minute. British designer, and you said, "What's an Edsel"?)
(Hemant: I got nothing for you.)
(Alex: Uh, I see that.)
[Laughter]

the miniskirt

Hemant
    $600 13
Napoleon

Tiffany
    $600 5
Sagittarius

Tiffany
    $600 17
(Felicity: Who are 'NSYNC?)

the Backstreet Boys

TiffanyFelicity
    $600 9
Charlotte's Web

Felicity
    $600 22
a hoop skirt

Felicity
    $800 14
Herbert Hoover

Triple Stumper
    $800 16
(Alex: We'll accept that, yes.)

idolization

Tiffany
    $800 18
Maren Morris

Triple Stumper
    $800 10
The Very Hungry Caterpillar

Felicity
    $800 23
a poodle skirt

Hemant
    $1000 15
Houdini

Hemant
    $1000 26
Jason Aldean

Tiffany
    $1000 11
(Felicity: What is The Snow Day?)
[Alex misheard and his accepting the response was quickly overruled by the judges.]

The Snowy Day

Felicity
Triple Stumper
    $1000 27
[The end-of-round signal sounds.]

12

Hemant
    $1000 25
(Alex: Be thankful you don't have to wear them anymore. [*]. Tough to walk.)

the hobble skirt

Triple Stumper

Scores at the first commercial break (after clue 15):

Hemant Tiffany Felicity
$1,600 $1,000 $800

Scores at the end of the Jeopardy! Round:

Hemant Tiffany Felicity
$2,600 $4,000 $800

Double Jeopardy! Round responses

THE VIETNAM WAR
BOOKS OF THE BIBLE
QUESTIONS & ANSWERS
OLD NAMES ON THE MAP
MOVIE MONSTERS
IT HAS THREE "I"s
    $400 20
the Tet

Tiffany
    $400 3
Numbers

Tiffany
    $400 12
a town hall

Hemant
    $400 25
Burma

Hemant
    $400 1
King Kong

Tiffany
    $400 7
civilian

Tiffany
    $800 26
Ho Chi Minh

Tiffany
    $800 17
(Tiffany: What is Revelations?)

Revelation

HemantTiffany
    $800 13
(Tiffany: What is a CB radio?)

a lie detector (polygraph test)

TiffanyFelicity
    $800 21
the Sandwich Islands

Felicity
    $800 2
Godzilla

Hemant
    $800 8
Virginia

Hemant
    $1200 27
[The end-of-round signal sounds.]

Kissinger

Hemant
    $1200 18
Acts

Hemant
    $1200 14
McCarthy

Hemant
    $1200 22
Niagara-on-the-Lake

Triple Stumper
    $1200 4
Predator

Felicity
    $1200 9
ignition

Tiffany
    $1600 19
Ruth

Hemant
    $1600 15
(Hemant: What is pledge?)
(Felicity: What is promise?)

affirm

HemantFelicity
Triple Stumper
    $2,000 23
(Alex: Less than a minute to go now.)

Botswana

Felicity
    $1600 5
Texas Chainsaw Massacre

Felicity
    $1600 10
Minoxidil

Triple Stumper
    $2000 16
(Alex: This audience wishes we did the same--gave away [*].)

silver dollars

Triple Stumper
    $2000 24
Abyssinia

Triple Stumper
    $2000 6
(Alex: You knew that, Tiffany.)
(Tiffany: Yeah.)
(Alex: Yeah, too bad you didn't ring in.)

Starship Troopers

Triple Stumper
    $2000 11
iridium

Felicity

Scores at the end of the Double Jeopardy! Round:

Hemant Tiffany Felicity
$9,400 $6,000 $7,600

[wagering suggestions for these scores]

Final Jeopardy! Round responses

CLASSIC AMERICAN NOVELS
TiffanyWhat is A Farewell to Arms?
$5,999
FelicityWhat is The Sun Also Rises?
$7,600
HemantWhat is the Great Gatsby
$5,801
The Sun Also Rises

Final scores:

Hemant Tiffany Felicity
$3,599 $1 $15,200
2nd place: $2,000 3rd place: $1,000 New champion: $15,200

Game dynamics:

Coryat scores:

Hemant Tiffany Felicity
$10,400 $6,000 $7,200
17 R,
3 W
(including 1 DD)
14 R,
3 W
11 R
(including 1 DD),
4 W

Combined Coryat: $23,600

[game clues] [game scores] [suggest correction]

Game tape date: 2020-01-29
The J! Archive is created by fans, for fans. Scraping, republication, monetization, and malicious use prohibited; this site may use cookies and collect identifying information. See terms. The Jeopardy! game show and all elements thereof, including but not limited to copyright and trademark thereto, are the property of Jeopardy Productions, Inc. and are protected under law. This website is not affiliated with, sponsored by, or operated by Jeopardy Productions, Inc. Join the discussion at JBoard.tv.